Analýza volatility investičného portfólia založeného na virtuálnych menách počas obdobia pandémie COVID-19 až po súčasnosť bakalárska práca

Saved in:
Bibliographic Details
Main Author: Jakubová, Zuzana, 1994-
Corporate Author: Podnikovohospodárska fakulta EU so sídlom v Košiciach. Katedra finančného riadenia podniku
Other Authors: Sieber, Jakub, 1992-
Format: Book
Language:Slovak
Published: Košice 2023
Tags: Add Tag
No Tags, Be the first to tag this record!

MARC

LEADER 00000nbm a2200000 4500
001 0294355
005 20240627114417.3
041 0 |a slo 
044 |a SK 
245 1 0 |a Analýza volatility investičného portfólia založeného na virtuálnych menách počas obdobia pandémie COVID-19 až po súčasnosť  |b bakalárska práca  |c Zuzana Jakubová ; školiteľ: Jakub Sieber 
264 1 |a Košice  |c 2023 
300 |a 78 s. 
100 1 |a Jakubová, Zuzana, 1994- 
700 1 |a Sieber, Jakub, 1992- 
710 2 |a Podnikovohospodárska fakulta EU so sídlom v Košiciach. Katedra finančného riadenia podniku